Weight Training: Steps to Success. (#1 Sports Instruction Series). (Record no. 35347)

MARC details
000 -LEADER
fixed length control field 01140cam a2200325 a 4500
001 - CONTROL NUMBER
control field 14062869
003 - CONTROL NUMBER IDENTIFIER
control field OSt
005 - DATE AND TIME OF LATEST TRANSACTION
control field 20220429141507.0
008 - FIXED-LENGTH DATA ELEMENTS--GENERAL INFORMATION
fixed length control field 050803s2006 ilua b 000 0 eng
010 ## - LIBRARY OF CONGRESS CONTROL NUMBER
LC control number 2005022589
020 ## - INTERNATIONAL STANDARD BOOK NUMBER
International Standard Book Number 0736055339 (soft cover)
020 ## - INTERNATIONAL STANDARD BOOK NUMBER
International Standard Book Number 9780736055338
040 ## - CATALOGING SOURCE
Original cataloging agency DLC
Transcribing agency HU
Modifying agency DLC
042 ## - AUTHENTICATION CODE
Authentication code pcc
050 00 - LIBRARY OF CONGRESS CALL NUMBER
Classification number GV546
Item number .B344 2006
082 00 - DEWEY DECIMAL CLASSIFICATION NUMBER
Classification number 613.7/13 BEA 2006
Edition number 22
100 1# - MAIN ENTRY--PERSONAL NAME
Personal name Baechle, Thomas R.,
Dates associated with a name 1943-
9 (RLIN) 34799
245 10 - TITLE STATEMENT
Title Weight Training: Steps to Success. (#1 Sports Instruction Series).
250 ## - EDITION STATEMENT
Edition statement Third Edition.
260 ## - PUBLICATION, DISTRIBUTION, ETC.
Place of publication, distribution, etc. Champaign, IL :
Name of publisher, distributor, etc. Human Kinetics,
Date of publication, distribution, etc. c2006.
300 ## - PHYSICAL DESCRIPTION
Extent xxxv, 179 p. :
Other physical details ill. ;
Dimensions 29 cm.
504 ## - BIBLIOGRAPHY, ETC. NOTE
Bibliography, etc. note Includes bibliographical references (p. 177).
650 #0 - SUBJECT ADDED ENTRY--TOPICAL TERM
Topical term or geographic name entry element Weight training.
9 (RLIN) 5653
650 #0 - SUBJECT ADDED ENTRY--TOPICAL TERM
Topical term or geographic name entry element Physical fitness.
9 (RLIN) 5673
700 1# - ADDED ENTRY--PERSONAL NAME
Personal name Earle, Roger W.,
Dates associated with a name 1967-
9 (RLIN) 36760
856 41 - ELECTRONIC LOCATION AND ACCESS
Materials specified Table of contents
Uniform Resource Identifier <a href="http://www.loc.gov/catdir/toc/ecip0517/2005022589.html">http://www.loc.gov/catdir/toc/ecip0517/2005022589.html</a>
906 ## - LOCAL DATA ELEMENT F, LDF (RLIN)
a 7
b cbc
c orignew
d 1
e ecip
f 20
g y-gencatlg
942 ## - ADDED ENTRY ELEMENTS (KOHA)
Source of classification or shelving scheme Dewey Decimal Classification
Koha item type Books like text book referance book
Suppress in OPAC No
Holdings
Withdrawn status Lost status Source of classification or shelving scheme Damaged status Not for loan Collection code Home library Current library Shelving location Date acquired Total Checkouts Full call number Barcode Date last seen Copy number Price effective from Koha item type
    Dewey Decimal Classification     Reference Wondo Genet Library Wondo Genet Library Fiction 04/29/2022   613.7/13 BEA 2006 WGCFNRL00019953 04/29/2022 1 04/29/2022 Books like text book referance book